Warrior cats K names - Statistics

General Stats
  • This quiz has been taken 24 times
  • The average score is 3 of 6
Answer Stats
% Correct
Kestrelflight
75%
Kestrelwing
67%
Kinkfur
58%
Kinktail
50%
Kitescratch
50%
Kite wing
42%
No matching quizzes found
Score Distribution
Percent of People with Each Score
Percentile by Number Answered
Your Score History
You have not taken this quiz